| 000 | 00000nam 2200000zi 4500 |
| 001 | 9.946604 |
| 003 | CaOODSP |
| 005 | 20250303103444 |
| 006 | m o d f |
| 007 | cr |n||||||||| |
| 008 | 250107s1958 onc o f000 0 eng d |
| 040 | |aCaOODSP|beng|erda|cCaOODSP |
| 043 | |an-cn-bc |
| 086 | 1 |aA52-198/1958E-PDF |
| 086 | 1 |zA56-3656 |
| 245 | 00|aExperimental Farm, Prince George, British Columbia : |bprogress report, 1952-1956. |
| 264 | 1|aOttawa, Ontario : |bExperimental Farms Service, Canada Department of Agriculture, |c[1958] |
| 300 | |a1 online resource (38 pages) |
| 336 | |atext|btxt|2rdacontent |
| 337 | |acomputer|bc|2rdamedia |
| 338 | |aonline resource|bcr|2rdacarrier |
| 500 | |aDigitized edition from print [provided by Agriculture and Agri-Food Canada]. |
| 610 | 25|aExperimental Farm (Prince George, B.C.) |
| 610 | 25|aExperimental Farm (Prince George, C.-B.) |
| 650 | 0|aAgricultural experiment stations|zBritish Columbia|zPrince George. |
| 650 | 6|aStations agronomiques|zColombie-Britannique|zPrince George. |
| 710 | 1 |aCanada. |bExperimental Farms Service, |eissuing body. |
| 710 | 2 |aExperimental Farm (Prince George, B.C.), |eissuing body. |
| 856 | 40|qPDF|s4.07 MB|uhttps://publications.gc.ca/collections/collection_2025/aac-aafc/A52-198-1958-eng.pdf |
| 986 | |a3M-23576-3:58 |